[Event "Capablanca Memorial-A"]
[Site "Matanzas"]
[Date "1994.??.??"]
[Round "1"]
[White "Garcia, Gerardo"]
[Black "Miles, Anthony John"]
[Result "0-1"]
[WhiteElo "2090"]
[BlackElo "2590"]
[PlyCount "56"]
[EventDate "1994.??.??"]
[EventType "tourn"]
[EventRounds "11"]
[EventCountry "CUB"]
[EventCategory "10"]
[SourceTitle "CBM 043"]
[Source "ChessBase"]
[SourceDate "1994.12.01"]
[SourceVersion "1"]
[SourceVersionDate "1994.12.01"]
[SourceQuality "1"]

1. e4 Nf6 2. e5 Nd5 3. d4 d6 4. Nf3 c6 5. c4 Nc7 6. Be2 dxe5 7. Nxe5 g6 8. Be3 Bg7 9. Nd2 c5 10. Ndf3 cxd4 11. Qa4+ b5 12. cxb5 dxe3 13. b6+ Nd7 14. b7 Bxb7 15. Rd1 0-0 16. Nxd7 exf2+ 17. Kxf2 e5 18. Qb3 Bxf3 19. Bxf3 e4 20. Nxf8 Bd4+ 21. Kf1 exf3 22. gxf3 Qh4 23. Qc2 Nd5 24. Qd2 Ne3+ 25. Ke2 Re8 26. Kd3 Nxd1 27. Rxd1 Rxf8 28. Qb4 Qf2 0-1

[Event "Capablanca Memorial-A"]
[Site "Matanzas"]
[Date "1994.??.??"]
[Round "2"]
[White "Hoffman, Alejandro"]
[Black "Garcia, Gerardo"]
[Result "1-0"]
[WhiteElo "2540"]
[BlackElo "2090"]
[PlyCount "101"]
[EventDate "1994.??.??"]
[EventType "tourn"]
[EventRounds "11"]
[EventCountry "CUB"]
[EventCategory "10"]
[SourceTitle "CBM 043"]
[Source "ChessBase"]
[SourceDate "1994.12.01"]
[SourceVersion "1"]
[SourceVersionDate "1994.12.01"]
[SourceQuality "1"]

1. d4 d5 2. c4 e6 3. Nf3 Nf6 4. g3 Be7 5. Bg2 0-0 6. 0-0 Nbd7 7. Qc2 c6 8. Bf4 Nh5 9. Bc1 Nhf6 10. b3 b6 11. Rd1 Ba6 12. Nbd2 Rc8 13. Bb2 c5 14. Rac1 cxd4 15. Nxd4 Re8 16. Qb1 Bc5 17. e3 Qe7 18. cxd5 Bxd4 19. Bxd4 Nxd5 20. Qb2 Nb4 21. Nc4 e5 22. Bc3 Bxc4 23. bxc4 Nc6 24. Qb5 Ncb8 25. Bb4 Nc5 26. Rd5 Nba6 27. Bxc5 Nxc5 28. Rcd1 g6 29. a4 h5 30. a5 bxa5 31. Qxa5 h4 32. Qc3 Na4 33. Qa1 Nb6 34. Ra5 Rc7 35. c5 Nc4 36. Ra4 Rxc5 37. Rxa7 Qe6 38. Rad7 hxg3 39. hxg3 Qg4 40. Qa7 Ra5 41. Qc7 Rf8 42. Rc1 Nxe3 43. Qxa5 Nxg2 44. Rd8 Nf4 45. Rxf8+ Kxf8 46. Qc5+ Ke8 47. Qxe5+ Ne6 48. Qd6 Nd4 49. Qb8+ Ke7 50. Rc7+ Kf6 51. Qh8+ 1-0

[Event "Capablanca Memorial-A"]
[Site "Matanzas"]
[Date "1994.??.??"]
[Round "11"]
[White "Nogueiras Santiago, Jesus"]
[Black "Garcia, Gerardo"]
[Result "1/2-1/2"]
[WhiteElo "2550"]
[BlackElo "2090"]
[PlyCount "148"]
[EventDate "1994.??.??"]
[EventType "tourn"]
[EventRounds "11"]
[EventCountry "CUB"]
[EventCategory "10"]
[SourceTitle "CBM 043"]
[Source "ChessBase"]
[SourceDate "1994.12.01"]
[SourceVersion "1"]
[SourceVersionDate "1994.12.01"]
[SourceQuality "1"]

1. d4 d5 2. c4 e6 3. Nf3 Nf6 4. Nc3 Be7 5. Bf4 0-0 6. e3 c5 7. dxc5 Bxc5 8. a3 Nc6 9. Qc2 Qa5 10. Nd2 Bb4 11. cxd5 exd5 12. Bd3 d4 13. 0-0 Bxc3 14. Nc4 Qh5 15. bxc3 dxe3 16. Nxe3 Be6 17. Rfb1 Rac8 18. Be2 Qc5 19. Rxb7 Nd4 20. cxd4 Qxd4 21. Qb2 Qxf4 22. Rxa7 Ne4 23. Bf3 Nc3 24. Rb7 Rfd8 25. Rb4 Qe5 26. h3 h5 27. Rf1 Rd3 28. Kh1 g6 29. Rc1 Kh7 30. Bb7 Rc5 31. Re1 Qd6 32. Rb6 Qf4 33. Bf3 Na4 34. Qb1 Rxa3 35. Qb4 Qxb4 36. Rxb4 Ra2 37. Kg1 Nb2 38. Be4 Na4 39. Bb1 Ra3 40. Nc2 Rac3 41. Rxa4 Rxc2 42. Bxc2 Rxc2 43. Ra7 Kh6 44. Ra4 Kg5 45. Rae4 Kf6 46. R4e2 Rc5 47. f3 Rc3 48. Kf2 Ra3 49. Rc1 Ra4 50. Rc5 Bc4 51. Rd2 Be6 52. g4 hxg4 53. hxg4 Ra8 54. Rb2 Rh8 55. Ke3 Ra8 56. Rb6 Ra3+ 57. Kf2 Ra4 58. Kg3 Ra3 59. Rbc6 Ra8 60. Rb6 Ra3 61. Rbb5 Bd7 62. Ra5 Rb3 63. Rd5 Be6 64. Rdb5 Rc3 65. Rb8 Rc7 66. Re8 Kg7 67. Ra6 Rc5 68. Rea8 Kf6 69. Ra5 Rc3 70. g5+ Kg7 71. Rb5 Rc8 72. Rxc8 Bxc8 73. Rb6 Bf5 74. Kf4 Bd3 1/2-1/2

[Event "Capablanca Memorial-A"]
[Site "Matanzas"]
[Date "1994.??.??"]
[Round "8"]
[White "Vera Gonzalez Quevedo, Reynaldo"]
[Black "Garcia, Gerardo"]
[Result "0-1"]
[WhiteElo "2500"]
[BlackElo "2090"]
[PlyCount "162"]
[EventDate "1994.??.??"]
[EventType "tourn"]
[EventRounds "11"]
[EventCountry "CUB"]
[EventCategory "10"]
[SourceTitle "CBM 043"]
[Source "ChessBase"]
[SourceDate "1994.12.01"]
[SourceVersion "1"]
[SourceVersionDate "1994.12.01"]
[SourceQuality "1"]

1. d4 d5 2. c4 e6 3. Nc3 Nf6 4. Nf3 Be7 5. Bf4 0-0 6. e3 c5 7. dxc5 Bxc5 8. Qc2 Nc6 9. a3 Qa5 10. 0-0-0 Bd7 11. g4 Rfc8 12. Kb1 b5 13. cxb5 Ne7 14. Qd2 Bxa3 15. Nxd5 Qa4 16. Nxf6+ gxf6 17. Nd4 Bb4 18. b3 Qa5 19. Qa2 Qxa2+ 20. Kxa2 e5 21. Bc4 exd4 22. Rxd4 Be8 23. Rhd1 Bc5 24. R4d2 Kg7 25. h4 Ng6 26. Bd5 Nxf4 27. Bxa8 Rxa8 28. exf4 a6 29. Rd8 Rxd8 30. Rxd8 Bxb5 31. Rd2 f5 32. g5 Kg6 33. f3 Bb4 34. Rd5 Be2 35. h5+ Kxh5 36. Rxf5 Kg6 37. Rf6+ Kg7 38. Rh6 a5 39. f5 Bxf3 40. f6+ Kg8 41. Rh4 h5 42. gxh6 Kh7 43. Kb2 Bd1 44. Rh3 Bg4 45. Rh4 Bf5 46. Rh5 Bg6 47. Rh3 Kh8 48. Rh2 Kg8 49. Rh3 Kh7 50. Rh2 Be4 51. Rh4 Bc6 52. Rh5 Bd7 53. Rd5 Bc6 54. Rh5 Be1 55. Kc2 Bd7 56. Kd3 a4 57. bxa4 Bxa4 58. Rh2 Bd7 59. Kd4 Bf5 60. Rh1 Bb4 61. Rh2 Bg6 62. Rh1 Ba5 63. Rh3 Bd8 64. Ke5 Bc7+ 65. Kd4 Bf5 66. Rh1 Bg3 67. Rh5 Be6 68. Rh1 Bf4 69. Ke4 Bxh6 70. Ke5 Kg6 71. Rg1+ Bg5 72. Rg2 Kh5 73. Rh2+ Kg4 74. Rg2+ Kh4 75. Rg1 Bd2 76. Kd4 Bg4 77. Rg2 Ba5 78. Re2 Bd8 79. Ke5 Kg5 80. Rf2 Bc7+ 81. Ke4 Bh3 0-1